000 00225 a2200097 4500
001 77084
090 _c39303
_d39303
100 _aLangsam, Yedidyah
245 _aData structures Using C and C++
260 _aN Delhi
_bPrentice Hall
_c1996
942 _aNUST-CAE
999 _c312157
_d312157